Obálka Náhled e-knihy:
PDF Epub
Pro půjčování e-knih musíte být přihlášeni.
Jak si půjčit online?

Tíha minulosti /

Maddison Eliotová před třinácti lety opustila mafii i svou rodinu, aby mohla začít nový život. Stala se úspěšnou lékařkou a plní si svůj sen v Seattlu. Když ji však její bratr nečekaně požádá o pomoc, rozhodne se na čas vrátit a splatit tak svůj dluh rodině. Jenže vše, co se snažila ukrýt, začne vyp...

Celý popis

Uloženo v:
Hlavní autor: Jayne, Bee (Autor)
Médium: E-kniha
Jazyk:Czech
Vydáno: Praha : Nakladatelství Solis s.r.o., 2026
Tagy:
Žádné tagy
LEADER 01681nam a22002297i 4500
001 301569
007 ta
008 260501s2026 xr ||||| |||| 00| 0 cze d
020 |a 9990004265875 
044 |a xr 
100 1 |a  Jayne, Bee  |4 aut 
245 1 0 |a Tíha minulosti /  |c  Jayne, Bee 
264 1 |a Praha :  |b Nakladatelství Solis s.r.o.,  |c 2026 
300 |a 1 online zdroj (261 stran) 
336 |a text  |b txt  |2 rdacontent 
337 |a bez média  |b n  |2 rdamedia 
338 |a online zdroj  |b cr  |2 rdacarrier 
520 2 |a Maddison Eliotová před třinácti lety opustila mafii i svou rodinu, aby mohla začít nový život. Stala se úspěšnou lékařkou a plní si svůj sen v Seattlu. Když ji však její bratr nečekaně požádá o pomoc, rozhodne se na čas vrátit a splatit tak svůj dluh rodině. Jenže vše, co se snažila ukrýt, začne vyplouvat na povrch. Nečekané události ji přinutí čelit své minulosti a pochopit, že návrat domů možná nebyl nejlepším rozhodnutím – ale už není cesty zpět. Co se stane, když znovu potká někoho, koho se snažila ze svého života vymazat, a její pečlivě vystavěný plán se zhroutí jako domeček z karet? "Můžeš se skrývat celý život, ale nikdy nedokážeš uniknout." 
910 |a RBIT002 
998 |d 426587  |a https://core.palmknihy.cz/api/books/426587/cover?teb45x  |b https://core.palmknihy.cz/api/books/426587/cover/400?teb45x  |c https://core.palmknihy.cz/api/books/426587/cover/50?teb45x  |e   |g 261  |i 9990004265875  |j https://core.palmknihy.cz/api/books/426587/preview.epub  |k https://core.palmknihy.cz/api/books/426587/preview.pdf  |l   |q 49  |r 1  |s https://www.palmknihy.cz/kniha/426587  |t ebook  |y 2026  |z 1 
999 |d 301567